000 00809nam a22002177a 4500
008 240605b mp ||||| |||| 00| 0 mon d
035 _a12060
040 _aHE0623081
_bmon
_cMN-UlNLM
_dMN-UlNLM
_erda
041 _amon
042 _a26915
084 _2NNA
_a84(4Их Бр)
_bД.401
100 _aДефо Д.
245 0 _aРобинзон Крузо
264 _aУБ.
_bМонсудар
_c2000
300 _a36х.
336 _2rdacontent
_atext
_btxt
337 _2rdamedia
_aunmediated
_bn
338 _2rdacarrier
_avolume
_bnc
650 _aРобинзон 18/ насандаа хэсэг нөхдийн хамт хөлөг онгоцоор далайд аялан явжээ.Хөлөг онгоц нь далайн шуурганд сүйрч эзгүй арал дээр ...
942 _2NNA
_cBK
999 _c884033
_d884090